Advanced management accounting problems /

Saved in:
Bibliographic Details
Main Author: Gee, Kenneth P. (Kenneth Philip), 1946-
Format: Book
Language:English
Published: Basingstoke : Macmillan, 1986.
Subjects:
LEADER 01123nam a2200301 a 4500
001 c000171163
003 CARM
005 19860409000000.0
008 851125s1986 enk b 001 0 eng d
015 |a b8644044 
019 1 |a 4272173  |z 23907046  |5 LACONCORD2021 
020 |a 0333362691  |c £25.00 : CIP rev. 
020 |a 0333362705  |c £9.95 
035 |a (OCoLC)12975297  |5 LACONCORD2021 
040 |a BNB  |b eng  |c BNB 
050 0 0 |a HF5661 
082 0 4 |a 658.1/511/076  |2 19 
100 1 |a Gee, Kenneth P.  |q (Kenneth Philip),  |d 1946- 
245 1 0 |a Advanced management accounting problems /  |c Kenneth P. Gee. 
260 |a Basingstoke :  |b Macmillan,  |c 1986. 
300 |a 359 p. ;  |c 22 cm. 
500 |a Management accounting. - Questions & answers (BNB/PRECIS) 
500 |a Includes index. 
504 |a Bibliography: p. 346-353. 
650 0 |a Managerial accounting  |x Problems, exercises, etc. 
852 8 |b CARM  |h A2:AK05B0  |i B05284  |p 0227627  |f BK 
999 f f |i bd8077fc-fa51-5483-beb9-1d5abfa95a14  |s 6bc3e448-d202-5432-87fd-0fe52ced29cf 
952 f f |p Can circulate  |a CAVAL  |b CAVAL  |c CAVAL  |d CARM 1 Store  |e B05284  |f A2:AK05B0  |h Other scheme  |i book  |m 0227627